| 000 | 00622nam a22002057a 4500 | ||
|---|---|---|---|
| 999 |
_c18705 _d18705 |
||
| 003 | AR-CdUCM | ||
| 008 | 190515b ||||| |||| 00| 0 spa d | ||
| 040 |
_aMUNICIPALIDAD PROVINCIAL DEL CUSCO _cBIBLIOTECA MUNICIPAL DEL CUSCO |
||
| 082 |
_a331.04 / _bP59 |
||
| 100 |
_aPinilla, Antonio _96881 |
||
| 245 | _aIndependencia y politica / | ||
| 260 |
_aLima : _bEl condor, _c1958. |
||
| 300 |
_a150 paginas ; _c23 cm. |
||
| 500 | _aTodo sobre la independencia y politica del PerĂº | ||
| 650 |
_aIndependencia _9625 |
||
| 650 |
_aPolitica _9291 |
||
| 650 |
_aPerĂº _935 |
||
| 942 |
_2ddc _cLIBROS |
||
| 945 |
_apjha _d2019-05-15 |
||